| 000 | 00957cam a2200301 a 4500 | ||
|---|---|---|---|
| 001 | 707596 | ||
| 003 | OSt | ||
| 005 | 20180116183055.0 | ||
| 008 | 970227s1998 nyua 001 0 eng | ||
| 010 | _a 97009598 | ||
| 020 | _a0446521612 | ||
| 040 |
_aDLC _cDLC _dDLC |
||
| 050 | 0 | 0 |
_aRA776.75 _b.K38 1998 |
| 082 | 0 | 0 |
_a613.0434 KAY 1998 _221 |
| 100 | 1 | _aKaye, Edita . | |
| 245 | 1 | 0 |
_aFountain of youth : _bthe anti-aging weight-loss program / _cEdita Kaye. |
| 260 |
_aNew York : _bWarner Books, _cc1998. |
||
| 300 |
_ax, 388 p. : _bill. ;HB. _c24 cm. |
||
| 440 | _aFountain of youth :the anti-aging weight-loss program / | ||
| 500 | _aIncludes index. | ||
| 501 | _aHB. | ||
| 650 | 0 | _aLongevity. | |
| 650 | 0 | _aNutrition. | |
| 650 | 0 | _aWeight loss. | |
| 906 |
_a7 _bcbc _corignew _d1 _eocip _f19 _gy-gencatlg |
||
| 942 |
_2ddc _cBK |
||
| 999 |
_c351804 _d351804 |
||